| LDR | 00995cam 2200253 c 4500 | |
|---|---|---|
| 001 | 000000010512 | |
| 005 | 19980902141317 | |
| 008 | 961028s1992 ulk 000a kor | |
| 020 | ▼a 8973720147 ▼g 33800 | |
| 040 | ▼a 247024 ▼d 248032 | |
| 049 | 1 | ▼l EM00017906 ▼l EM00053793 ▼c 2 ▼l GM00010234 ▼c 3 |
| 056 | ▼a 858 | |
| 090 | ▼a 858 ▼b 프292ㅂ | |
| 100 | 1 | ▼a 프라우제, 게르하트 |
| 245 | 10 | ▼a 바보스런 천재들 / ▼d 게르하트 프라우제 지음. |
| 260 | ▼a 서울 : ▼b 동화문학사, ▼c 1992. | |
| 300 | ▼a 252p ; ▼c 23cm. | |
| 500 | 00 | ▼a 겉표지에 관칭으로 ''천재들의 사생활''이 나타나 있음 |
| 653 | ▼a 바보스런 ▼a 천재 ▼a 동화문학사 | |
| 950 | 0 | ▼b \4500 |
| 007 | ta |